| 000 | 00000nam##2200000za#4500 |
| 001 | 9.573642 |
| 003 | CaOODSP |
| 005 | 20210624183810 |
| 007 | cr ||||||||||| |
| 008 | 150406|2004||||xxc|||||o f|0| 0 eng|d |
| 040 | |aCaOODSP|beng |
| 043 | |an-cn--- |
| 086 | 1 |aT41-1/10E-PDF |
| 110 | 1 |aCanada. |bTransport Canada. |
| 245 | 10|aTransit priority system : |h[electronic resource]|bplanning and pilot project deployment |
| 260 | |aOttawa - Ontario : |bTransport Canada |cJuly 2004. |
| 300 | |a4p.|bmap |
| 490 | 1 |aCase studies in sustainable transportation|vCase study 10 |
| 500 | |aAt head of title: Urban Transportation Showcase Program. "York Region, Ontario". |
| 590 | |a12-20-Supp|b2012-05-09 |
| 775 | 08|tSystème de priorité pour le transport en commun : |w(CaOODSP)9.603742 |
| 830 | #0|aCase studies in sustainable transportation ;|vCase study 10|w(CaOODSP)9.506851 |
| 856 | 40|ahttp://publications.gc.ca|qPDF|s195 KB|uhttps://publications.gc.ca/collections/collection_2012/tc/T41-1-10-eng.pdf|yCase study 10 |
| 986 | |aTP14255E |